Statistics for The Legend of Zelda: Wind Waker - Dungeons

Click here to take the quiz!

General Stats

  • This quiz has been taken 100 times
  • The average score is 7 of 9

Answer Stats

Answer% Correct
Earth Temple
91%
Dragon Roost Cavern
89%
Wind Temple
89%
Forsaken Fortress
85%
Forbidden Woods
83%
Tower of the Gods
82%
Ganon's Tower
78%
Hyrule Castle
78%
Savage Labyrinth
43%

Score Distribution

Percentile by Number Answered

Percent of People with Each Score

Your Score History

You have not taken this quiz